<?xml version="1.0" encoding="UTF-8"?>
<record
    xmlns:xsi="http://www.w3.org/2001/XMLSchema-instance"
    xsi:schemaLocation="http://www.loc.gov/MARC21/slim http://www.loc.gov/standards/marcxml/schema/MARC21slim.xsd"
    xmlns="http://www.loc.gov/MARC21/slim">

  <leader>00636cam a2200193 a 4500</leader>
  <controlfield tag="001">sa 68009514 </controlfield>
  <controlfield tag="003">DLC</controlfield>
  <controlfield tag="005">20260227112543.0</controlfield>
  <controlfield tag="008">940725m19659999ii ab         000 0 hino </controlfield>
  <datafield tag="010" ind1=" " ind2=" ">
    <subfield code="a">sa 68009514 //r96</subfield>
  </datafield>
  <datafield tag="040" ind1=" " ind2=" ">
    <subfield code="a">DLC</subfield>
    <subfield code="c">DLC</subfield>
    <subfield code="d">DLC</subfield>
  </datafield>
  <datafield tag="050" ind1="0" ind2="0">
    <subfield code="a">DS485.U63</subfield>
    <subfield code="b">D3</subfield>
  </datafield>
  <datafield tag="100" ind1="1" ind2=" ">
    <subfield code="a">&#x1E0C;abar&#x101;la, &#x15A;ivapras&#x101;da.</subfield>
  </datafield>
  <datafield tag="245" ind1="1" ind2="0">
    <subfield code="a">Uttar&#x101;kha&#x1E47;da k&#x101; itih&#x101;sa /</subfield>
    <subfield code="c">lekhaka Sivapras&#x101;da &#x1E0C;abar&#x101;la 'Cara&#x1E47;a'</subfield>
  </datafield>
  <datafield tag="260" ind1=" " ind2=" ">
    <subfield code="a">Doga&#x1E0D;&#x101;, Ga&#x1E5B;hav&#x101;la :</subfield>
    <subfield code="b">V&#x12B;ra-G&#x101;th&#x101;-Prak&#x101;&#x15B;ana,</subfield>
    <subfield code="c">1965-&lt;1994   &gt;</subfield>
  </datafield>
  <datafield tag="300" ind1=" " ind2=" ">
    <subfield code="a">v. &lt;1-7, 9-13, 17   &gt; :</subfield>
    <subfield code="b">ill., maps ;</subfield>
    <subfield code="c">18-24 cm.</subfield>
  </datafield>
  <datafield tag="546" ind1=" " ind2=" ">
    <subfield code="a">In Hindi</subfield>
  </datafield>
  <datafield tag="651" ind1=" " ind2="0">
    <subfield code="a">Uttar Pradesh (India)</subfield>
    <subfield code="x">Antiquities.</subfield>
  </datafield>
  <datafield tag="999" ind1=" " ind2=" ">
    <subfield code="c">82952</subfield>
    <subfield code="d">82952</subfield>
  </datafield>
</record>
